00548 a2200181 450000100060000002000150000604000370002110000230005824000570008124500520013830000070019036200090019744000080020665000240021494200070023895201040024599900170034971312 a8532243258 cAnchieta - Colégio São Paulo aAsturiano, Poliana10aTrês histórias do povo das terras do brasillpor10aTrês histórias do povo das terras do brasil a480 a1999 1aFTD 4aLiteratura infantil cBK 00104070a88.1b88.1d2023-11-22l0oLI 028.5 A859tp362/CSPr2023-11-22 14:27:29w2023-11-22yBK c71312d71312